000 00730nam a2200229 a 4500
001 000030601
003 OSt
005 20210415115426.0
008 110524s1957 dr c r 000 0 spa d
040 _aDO-SdBNP
_bspa
_cBNPHU
082 4 _a709
_bV179a
_222
100 1 _aValldeperes, Manuel
_923258
245 1 3 _aEl arte de nuestro tiempo /
_cManuel Valldeperes.
260 _aCiudad Trujillo, República Dominicana :
_bLibreria Dominicana,
_c1957.
300 _a181 p. :
_bil., retrs. ;
_c19 cm.
490 _aPensamiento dominicano
_v15
590 _aInventariado, 2018/LP
650 4 _aArte
_ySIGLO XX
_957197
830 _aPensamiento dominicano
_919047
_n15
910 _aValidado. Control de calidad MFF
942 _2ddc
_cLBS1
999 _c30093
_d30093